000 00619nam a2200181Ia 4500
008 090124s9999 xx 000 0 und d
082 _b33960
100 _aदेसाई नयनतारा
245 _a कथा शिवरायांच्या
250 _a0
260 _b"सुशील प्रकाशन, पुणे"
_c1997
300 _a240
600 _aदेसाई नयनतारा
630 _a कथा शिवरायांच्या
700 _aदेसाई नयनतारा
730 _a कथा शिवरायांच्या
942 _cBOOK
999 _c99843
_d99843